<?xml version="1.0" encoding="UTF-8"?>
<collection xmlns="http://www.loc.gov/MARC21/slim">
 <record>
  <leader>01893nam a2200205Ia 4500</leader>
  <controlfield tag="001">CTU_166672</controlfield>
  <controlfield tag="008">210402s9999    xx            000 0 und d</controlfield>
  <datafield tag="082" ind1=" " ind2=" ">
   <subfield code="a">551.5</subfield>
  </datafield>
  <datafield tag="082" ind1=" " ind2=" ">
   <subfield code="b">M678</subfield>
  </datafield>
  <datafield tag="100" ind1=" " ind2=" ">
   <subfield code="a">Mishchenko, Michael I.</subfield>
  </datafield>
  <datafield tag="245" ind1=" " ind2="0">
   <subfield code="a">Scattering, absorption, and emission of light by small particles</subfield>
  </datafield>
  <datafield tag="245" ind1=" " ind2="0">
   <subfield code="c">Michael I. Mishchenko, Larry D. Travis, Andrew A. Lacis</subfield>
  </datafield>
  <datafield tag="260" ind1=" " ind2=" ">
   <subfield code="a">Cambridge</subfield>
  </datafield>
  <datafield tag="260" ind1=" " ind2=" ">
   <subfield code="b">Cambridge University Press</subfield>
  </datafield>
  <datafield tag="260" ind1=" " ind2=" ">
   <subfield code="c">2002</subfield>
  </datafield>
  <datafield tag="520" ind1=" " ind2=" ">
   <subfield code="a">This thorough and up-to-date treatment first introduces the general formalism of scattering, absorption, and emission of light and other electromagnetic radiation by arbitrarily shaped and arbitrarily oriented particles. It then discusses the relation of the radiative transfer theory to single-scattering solutions of Maxwell's equations and describes in detail exact theoretical methods and computer codes for calculating scattering, absorption, and emission properties of arbitrarily shaped particles. Further chapters demonstrate how scattering and absorption characteristics of small particles depend on particle size, refractive index, shape, and orientation. The work illustrates how the high efficiency and accuracy of existing theoretical and experimental techniques, and the availability of fast scientific workstations, result in advanced physically-based applications of electromagnetic scattering to non-invasive particle characterization and remote sensing. This book will be valuable for science professionals, engineers and graduate students in a wide range of disciplines including optics, electromagnetics, remote sensing, climate research, and biomedicine.</subfield>
  </datafield>
  <datafield tag="650" ind1=" " ind2=" ">
   <subfield code="a">Electromagnetic waves,Particles,Sóng điện từ,Các hạt</subfield>
  </datafield>
  <datafield tag="650" ind1=" " ind2=" ">
   <subfield code="x">Scattering,Optical properties,Tán xạ,Tính chất quang học</subfield>
  </datafield>
  <datafield tag="904" ind1=" " ind2=" ">
   <subfield code="i">Qhieu</subfield>
  </datafield>
  <datafield tag="980" ind1=" " ind2=" ">
   <subfield code="a">Trung tâm Học liệu Trường Đại học Cần Thơ</subfield>
  </datafield>
 </record>
</collection>
